Normal view
MARC view
Entry Personal Name
001 - CONTROL NUMBER
- control field: 49948
003 - CONTROL NUMBER IDENTIFIER
- control field: ARRUPE
005 - DATE AND TIME OF LATEST TRANSACTION
- control field: 20201020143426.0
008 - FIXED-LENGTH DATA ELEMENTS
- fixed length control field: 201020|| aca||aabn | a|a d
040 ## - CATALOGING SOURCE
- Original cataloging agency: ARRUPE
- Transcribing agency: ARRUPE
100 ## - HEADING--PERSONAL NAME
- Personal name: Maher, Eamon,
- Relator term: editor.
670 ## - SOURCE DATA FOUND
- Source citation: Work cat.: (ARRUPE)0: Tracing the cultural legacy of Irish Catholicism :, 2017.